English Sports Teams Logo Quiz - Statistics

General Stats
  • This quiz has been taken 30 times
  • The average score is 8 of 16
Answer Stats
Picture Answer % Correct
Arsenal
100%
Aston Villa
96%
Norwich City
86%
Burnley
82%
Watford
82%
Leicester Tigers
54%
Bristol Bears
39%
Walsall
39%
St Helens
32%
Gloucester
29%
Nottingham Panthers
25%
Peterborough United
25%
Hull Kingston Rovers
21%
Sheffield Sharks
21%
Wakefield Trinity
21%
Wigan Warriors
21%
No matching quizzes found
Score Distribution
Percent of People with Each Score
Percentile by Number Answered
Your Score History
You have not taken this quiz